000 01680cam a22004694i 4500
003 PE-LiUPU
005 20250731173524.0
008 150616s r 000 0 d
020 _a0830818685
035 _a(Sirsi) i9780830818686
040 _aPE-LiUPU
_bspa
_cPE-LiUPU
_erda
049 _aPRUA
082 0 4 _a250.225
_bG47
_221
100 1 _aGiles, Kevin,
_eautor.
245 1 0 _aWhat on Earth is the Church?.
264 1 _aIllinois :
_bInterVarsity Press,
_c1995.
300 _a310 páginas ;
_c21 centímetros
336 _atext
_2rdacontent
337 _aunmediated
_2rdamedia
338 _avolume
_2rdacarrier
504 _aIncluye bibliografía.
505 0 _aOpening the door: what on earth is the Church.- Jesus and the founding of the Church.- Matthew, Mark, Luke and John.- The church in the book of Acts.- The church in Paul's earliest epistles.- The church church in the middle and later paulines.
526 _aSEG42
526 _aSEG41
526 _aSEG40
526 _aSEG39
526 _aP94
526 _aP87
526 _aP86
526 _aP85
526 _aP77
526 _aP76
526 _aP35
650 0 4 _aIGLESIA EN EL NUEVO TESTAMENTO.
910 _ajck
_bjvq
_cjck
942 _2ddc
_cBOOK
949 _a250.225 G47
_wDEWEY
_c1
_i42171
_lCCODEBUL1
_mBUL
_r0
_sY
_tBOOK
_u2015-6-16
_xTEOLOGIA
_zUNKNOWN
_0COMPRA
_o.STAFF. Colección General
994 _aC0
_bPEPRU
596 _a1
999 _a250.225 G47
_wDEWEY
_c59863
_i42171
_f2021-11-10
_g5
_lCCODEBUL1
_mBUL
_r0
_sY
_tBOOK
_u2015-6-16
_xTEOLOGIA
_zUNKNOWN
_0COMPRA
_o.STAFF. Colección General
_d59863
980 _81
_gALBERTO SANCHEZ Responsable de Automatización